000 01222nam a2200313 i 4500
001 000027822
003 DO-SdBNP
005 20250722144700.0
007 ta
008 110405s200- dr d 000 0 spa d
040 _aDO-SdBNP
_bspa
_cBNPHU
_erda
082 4 _a352.34
_bR426h
_222
110 1 _aRepública Dominicana.
_bAyuntamiento del Distrito Nacional
_99535
245 1 0 _aHacia el plan estratégico de la ciudad de Santo Domingo de Guzmán /
_cpresentación Roberto Salcedo.
264 1 _aSanto Domingo :
_bAyuntamiento del Distrito Nacional,
_c200-.
300 _a66 páginas :
_bilustraciones, gráficos ;
_c23 cm.
336 _atexto
_btxt
_2rdacontent
337 _asin mediación
_bn
_2rdamedia
338 _avolumen
_bnc
_2rdacarrier
504 _aBibliografía : páginas 65-66.
590 _aInventariado, 2018/MFF
650 4 _aPlanificación estratégica
_zRepública Dominicana, Santo Domingo
_954893
650 0 _aGobierno municipal
_zRepública Dominicana, Santo Domingo
_917207
650 4 _aAdministración pública
_99266
650 4 _aPlanificación del desarrollo
_932601
700 1 _aSalcedo, Roberto,
_epresentación
_99536
910 _aValidado. Control de calidad EMS
942 _2ddc
_cLBS1
999 _c27314
_d27314